Taylor Swift songs that start with "S" - Statistics

General Stats
  • This quiz has been taken 34 times
  • The average score is 15 of 27
Answer Stats
Answer % Correct
Shake It Off
78%
Starlight
70%
Superman
70%
"Slut!"
65%
Superstar
65%
Should've Said No
61%
Snow On The Beach
61%
So It Goes...
61%
Sparks Fly
61%
Speak Now
61%
Suburban Legends
61%
seven
57%
So High School
57%
So Long, London
57%
Stay Stay Stay
57%
Style
57%
Sad Beautiful Tragic
52%
Say Don't Go
52%
Soon You'll Get Better
52%
Safe & Sound
48%
State Of Grace
48%
Stay Beautiful
48%
Sweet Nothing
43%
Sweeter Than Fiction
39%
Santa Baby
30%
Silent Night
30%
September
13%
No matching quizzes found
Score Distribution
Percent of People with Each Score
Percentile by Number Answered
Your Score History
You have not taken this quiz